000 00946nas a2200289 4500
001 BR2015002149
003 BR-BrBNA
005 20231205125214.0
007 ta
008 230509b bl.|||p| |||| 00| 00por d
040 _aBR-BrBNA
_bpor
_cBiblioteca Nacional de Agricultura
041 _a(Pt)
072 _aF01
100 1 _aDalchiavon, M.P.
100 1 _aSantos, R.F.
100 1 _aSouza, S.N.M. de
100 1 _aBassegio, D.
100 1 _aRossetto, C.
100 1 _aBanermann, H.B.
245 1 _a Comportamento de altura de plantas de Crambe abyssynica em função da variação de densidade de plantio
650 _aCULTURA DE INVERNO
650 _aPRÁTICA CULTURAL
773 0 _tActa Iguazu (Brazil)
_xISSN 2316-4093
_g(2012), v. 1(3) p. 33-43
_wBR2015002149
856 4 0 _uhttp://e-revista.unioeste.br/index.php/actaiguazu/article/download/7107/5243
909 _a202311
_bLúcia
_c55
_dLúcia Elande
942 _2AGRIS
_n0
_cANA
999 _c243207
_d243207